[Event "15th Bangkok Chess Club Open Blitz 2015"]
[Site "Dusit Thani, Pattaya"]
[Date "2015.04.15"]
[Round "7.3"]
[White "Ravi, Teja S."]
[Black "Hemant, Sharma"]
[Result "*"]
[BlackElo "2325"]
[WhiteElo "2368"]
[LiveChessVersion "1.4.5"]

1. d4 {[%clk 0:03:02]} Nf6 2. c4 e6 {[%clk 0:03:01]} 3. Nc3 c5 4. d5
{[%clk 0:03:06]} exd5 {[%clk 0:03:04]} 5. cxd5 {[%clk 0:03:07]} d6
{[%clk 0:03:05]} 6. g3 {[%clk 0:03:08]} Be7 {[%clk 0:03:06]} 7. Bg2
{[%clk 0:03:09]} O-O {[%clk 0:03:08]} 8. Nf3 {[%clk 0:03:10]} a6 {[%clk 0:03:05]}
9. a4 {[%clk 0:03:11]} Bd7 {[%clk 0:03:05]} 10. O-O {[%clk 0:03:08]} Be8
{[%clk 0:03:06]} 11. e4 {[%clk 0:03:07]} Nbd7 {[%clk 0:03:07]} 12. Re1
{[%clk 0:03:03]} Ne5 {[%clk 0:03:07]} 13. Nxe5 {[%clk 0:03:03]} dxe5
{[%clk 0:03:09]} 14. Be3 {[%clk 0:03:03]} Bd6 {[%clk 0:03:10]} 15. Qd3
{[%clk 0:02:59]} b6 {[%clk 0:03:09]} 16. Rec1 {[%clk 0:02:48]} Nd7
{[%clk 0:03:09]} 17. Nd1 {[%clk 0:02:46]} f6 {[%clk 0:03:10]} 18. f3
{[%clk 0:02:42]} Bg6 {[%clk 0:03:11]} 19. Bf2 {[%clk 0:02:42]} f5
{[%clk 0:03:12]} 20. Nc3 {[%clk 0:02:33]} Qc8 {[%clk 0:03:06]} 21. b3
{[%clk 0:02:30]} Nf6 {[%clk 0:03:05]} 22. Qe2 {[%clk 0:02:24]} fxe4
{[%clk 0:03:06]} 23. Nxe4 {[%clk 0:02:17]} Bxe4 {[%clk 0:02:55]} 24. fxe4
{[%clk 0:02:18]} Qg4 {[%clk 0:02:55]} 25. Ra2 {[%clk 0:02:08]} Qxe2
{[%clk 0:02:54]} 26. Rxe2 {[%clk 0:02:09]} Ng4 {[%clk 0:02:55]} 27. Be1
{[%clk 0:02:07]} b5 {[%clk 0:02:47]} 28. h3 {[%clk 0:02:07]} Nf6 {[%clk 0:02:46]}
29. Bf2 {[%clk 0:02:07]} Rfc8 {[%clk 0:02:44]} 30. Rec2 {[%clk 0:02:08]} Nd7
{[%clk 0:02:40]} 31. axb5 {[%clk 0:02:07]} axb5 {[%clk 0:02:41]} 32. Bf1
{[%clk 0:02:09]} Nf6 {[%clk 0:02:36]} 33. Bd3 {[%clk 0:02:03]} Ra3
{[%clk 0:02:37]} 34. Bxb5 {[%clk 0:01:33]} Nxe4 {[%clk 0:02:36]} 35. Ba4
{[%clk 0:01:25]} Nxf2 {[%clk 0:02:21]} 36. Kxf2 {[%clk 0:01:25]} Rf8+
{[%clk 0:02:21]} 37. Ke3 {[%clk 0:01:24]} g5 {[%clk 0:02:07]} 38. Ke4
{[%clk 0:01:24]} Kg7 {[%clk 0:02:07]} 39. Rg2 {[%clk 0:01:11]} Kg6
{[%clk 0:02:02]} 40. Rh1 {[%clk 0:01:09]} Rb8 {[%clk 0:02:03]} 41. Rc2
{[%clk 0:01:06]} Ra8 *

[Event "15th Bangkok Chess Club Open Blitz 2015"]
[Site "Dusit Thani, Pattaya"]
[Date "2015.04.15"]
[Round "7.4"]
[White "Causo, Deniel"]
[Black "Dragun, Kamil"]
[Result "*"]
[BlackElo "2537"]
[WhiteElo "2401"]
[LiveChessVersion "1.4.5"]

1. e4 {[%clk 0:03:02]} c5 {[%clk 0:03:04]} 2. c3 {[%clk 0:03:03]} Nf6
{[%clk 0:03:04]} 3. e5 {[%clk 0:03:04]} Nd5 {[%clk 0:03:05]} 4. d4
{[%clk 0:03:05]} cxd4 {[%clk 0:03:05]} 5. cxd4 {[%clk 0:03:06]} e6
{[%clk 0:03:06]} 6. Nc3 {[%clk 0:03:02]} Nxc3 {[%clk 0:03:06]} 7. bxc3
{[%clk 0:03:03]} d6 {[%clk 0:03:07]} 8. Nf3 {[%clk 0:03:02]} Nc6 {[%clk 0:03:08]}
9. Bb5 {[%clk 0:02:47]} Bd7 {[%clk 0:03:09]} 10. Qe2 {[%clk 0:02:43]} dxe5
{[%clk 0:03:08]} 11. Nxe5 {[%clk 0:02:41]} Nxe5 {[%clk 0:03:08]} 12. Qxe5
{[%clk 0:02:41]} Bxb5 {[%clk 0:03:07]} 13. Qxb5+ {[%clk 0:02:42]} Qd7
{[%clk 0:03:08]} 14. Qg5 {[%clk 0:02:25]} Qd5 {[%clk 0:02:58]} 15. Qg3
{[%clk 0:02:21]} Bd6 {[%clk 0:02:27]} 16. Qxg7 {[%clk 0:01:41]} O-O-O
{[%clk 0:02:28]} 17. Qg5 {[%clk 0:01:41]} Qe4+ {[%clk 0:02:26]} 18. Be3
{[%clk 0:01:40]} Rhg8 {[%clk 0:02:26]} 19. Qa5 {[%clk 0:01:31]} Rxg2
{[%clk 0:02:26]} 20. Qxa7 {[%clk 0:01:23]} Rxh2 {[%clk 0:01:41]} 21. Qa8+
{[%clk 0:01:00]} Kd7 {[%clk 0:01:33]} 22. Qa4+ {[%clk 0:01:00]} Ke7
{[%clk 0:01:25]} 23. Rxh2 {[%clk 0:01:01]} Bxh2 {[%clk 0:01:26]} 24. Kd2
{[%clk 0:00:48]} Bf4 {[%clk 0:01:23]} 25. Qb4+ {[%clk 0:00:44]} Kf6
{[%clk 0:01:24]} 26. Rb1 {[%clk 0:00:39]} Bxe3+ {[%clk 0:01:23]} 27. fxe3
{[%clk 0:00:40]} Rg8 {[%clk 0:00:39]} 28. Rf1+ {[%clk 0:00:40]} Kg7
{[%clk 0:00:41]} 29. Qe7 {[%clk 0:00:28]} Qg2+ {[%clk 0:00:40]} 30. Ke1
{[%clk 0:00:30]} Qg3+ {[%clk 0:00:41]} 31. Kd1 {[%clk 0:00:31]} Qg6
{[%clk 0:00:38]} 32. Kd2 {[%clk 0:00:26]} Ra8 {[%clk 0:00:37]} 33. a3
{[%clk 0:00:26]} Ra5 {[%clk 0:00:29]} 34. Rf2 {[%clk 0:00:27]} Rb5
{[%clk 0:00:25]} 35. Qh4 *

[Event "15th Bangkok Chess Club Open Blitz 2015"]
[Site "Dusit Thani, Pattaya"]
[Date "2015.04.15"]
[Round "7.5"]
[White "Grafil, Franz Robert"]
[Black "Wang, Hao"]
[Result "*"]
[BlackElo "2705"]
[WhiteElo "2156"]
[LiveChessVersion "1.4.5"]

1. d4 {[%clk 0:03:02]} Nf6 {[%clk 0:03:03]} 2. c4 {[%clk 0:03:03]} e6
{[%clk 0:03:04]} 3. g3 {[%clk 0:03:05]} c5 {[%clk 0:03:04]} 4. d5
{[%clk 0:03:06]} exd5 {[%clk 0:03:05]} 5. cxd5 {[%clk 0:03:07]} d6
{[%clk 0:03:06]} 6. Nc3 {[%clk 0:03:07]} g6 {[%clk 0:03:07]} 7. Bg2
{[%clk 0:03:08]} Bg7 {[%clk 0:03:09]} 8. Nf3 {[%clk 0:03:09]} O-O
{[%clk 0:03:09]} 9. O-O {[%clk 0:03:10]} Re8 {[%clk 0:03:10]} 10. Bf4
{[%clk 0:03:10]} Na6 {[%clk 0:03:09]} 11. Qd2 {[%clk 0:03:02]} Rb8
{[%clk 0:03:03]} 12. a4 {[%clk 0:03:01]} Nb4 {[%clk 0:03:04]} 13. Rfe1
{[%clk 0:03:00]} a6 {[%clk 0:03:02]} 14. a5 {[%clk 0:02:58]} Bf5 {[%clk 0:02:53]}
15. Nh4 {[%clk 0:02:40]} Be4 {[%clk 0:02:45]} 16. Bg5 {[%clk 0:02:17]} Bxg2
{[%clk 0:02:40]} 17. Nxg2 {[%clk 0:02:14]} Qd7 {[%clk 0:02:25]} 18. e4
{[%clk 0:02:10]} Ng4 {[%clk 0:02:21]} 19. Bf4 {[%clk 0:01:23]} Bd4
{[%clk 0:02:09]} 20. Ne3 {[%clk 0:01:19]} Bxe3 {[%clk 0:02:09]} 21. Bxe3
{[%clk 0:01:19]} Ne5 {[%clk 0:02:09]} 22. Qe2 {[%clk 0:01:13]} Qh3
{[%clk 0:01:56]} 23. f4 {[%clk 0:01:00]} Ng4 {[%clk 0:01:52]} 24. Rad1
{[%clk 0:00:50]} f5 {[%clk 0:01:33]} 25. e5 {[%clk 0:00:44]} dxe5
{[%clk 0:01:28]} 26. Bxc5 {[%clk 0:00:44]} exf4 {[%clk 0:01:27]} 27. Qxe8+
{[%clk 0:00:40]} Rxe8 {[%clk 0:01:25]} 28. Rxe8+ {[%clk 0:00:41]} Kg7
{[%clk 0:01:25]} 29. Rd2 {[%clk 0:00:27]} fxg3 {[%clk 0:01:16]} 30. Re7+
{[%clk 0:00:26]} Kh6 {[%clk 0:01:15]} 31. hxg3 {[%clk 0:00:11]} Qxg3+
{[%clk 0:01:10]} 32. Rg2 {[%clk 0:00:06]} Qf4 {[%clk 0:01:09]} 33. Bxb4
{[%clk 0:00:04]} Qxb4 {[%clk 0:01:02]} 34. Rge2 {[%clk 0:00:04]} Qd4+
{[%clk 0:00:57]} 35. Kf1 {[%clk 0:00:04]} Qd3 {[%clk 0:00:49]} 36. Ke1
{[%clk 0:00:04]} f4 {[%clk 0:00:36]} 37. Rd2 {[%clk 0:00:05]} Qf3
{[%clk 0:00:36]} 38. d6 {[%clk 0:00:04]} Qh1+ {[%clk 0:00:35]} 39. Ke2
{[%clk 0:00:05]} f3+ {[%clk 0:00:36]} 40. Kd3 {[%clk 0:00:05]} f2
{[%clk 0:00:37]} 41. Kc2 {[%clk 0:00:03]} f1=Q {[%clk 0:00:35]} 42. d7
{[%clk 0:00:03]} Qc1+ {[%clk 0:00:29]} 43. Kb3 {[%clk 0:00:04]} Qxd2
{[%clk 0:00:29]} *

[Event "15th Bangkok Chess Club Open Blitz 2015"]
[Site "Dusit Thani, Pattaya"]
[Date "2015.04.15"]
[Round "7.6"]
[White "Roy, Prantik"]
[Black "Gavilan, Arnulfo"]
[Result "*"]
[BlackElo "2244"]
[WhiteElo "2308"]
[LiveChessVersion "1.4.5"]

1. e4 {[%clk 0:03:02]} e5 {[%clk 0:03:03]} 2. Nf3 {[%clk 0:03:03]} Nc6
{[%clk 0:03:02]} 3. Bb5 {[%clk 0:03:03]} Nf6 {[%clk 0:03:02]} 4. O-O
{[%clk 0:03:03]} Bc5 {[%clk 0:03:03]} 5. Bxc6 {[%clk 0:02:57]} dxc6
{[%clk 0:03:00]} 6. c3 {[%clk 0:02:54]} O-O {[%clk 0:02:56]} 7. d4
{[%clk 0:02:53]} Bb6 {[%clk 0:02:57]} 8. Nxe5 {[%clk 0:02:50]} Nxe4
{[%clk 0:02:53]} 9. Nd2 {[%clk 0:02:50]} Nxd2 {[%clk 0:02:45]} 10. Bxd2
{[%clk 0:02:50]} c5 {[%clk 0:02:46]} 11. Be3 {[%clk 0:02:51]} cxd4
{[%clk 0:02:44]} 12. Bxd4 {[%clk 0:02:51]} c5 {[%clk 0:02:36]} 13. Be3 Qe7
{[%clk 0:02:27]} 14. Nc4 {[%clk 0:02:49]} Bc7 {[%clk 0:02:12]} 15. Qh5
{[%clk 0:02:48]} b6 {[%clk 0:01:58]} 16. Rfe1 {[%clk 0:02:40]} Qf6
{[%clk 0:01:33]} 17. Qg5 {[%clk 0:02:02]} Qxg5 {[%clk 0:01:18]} 18. Bxg5
{[%clk 0:02:03]} Be6 {[%clk 0:01:19]} 19. Ne3 {[%clk 0:01:55]} f6
{[%clk 0:01:10]} 20. Bh4 {[%clk 0:01:55]} Kf7 {[%clk 0:01:10]} 21. Bg3
{[%clk 0:01:56]} Bxg3 {[%clk 0:01:10]} 22. hxg3 Rad8 23. Red1 {[%clk 0:01:54]}
Rxd1+ {[%clk 0:01:11]} 24. Rxd1 {[%clk 0:01:56]} Ke7 {[%clk 0:01:12]} 25. c4
{[%clk 0:01:51]} Rd8 {[%clk 0:01:12]} 26. Rxd8 {[%clk 0:01:52]} Kxd8
{[%clk 0:01:13]} 27. Kf1 {[%clk 0:01:53]} b5 {[%clk 0:01:10]} 28. Ke2
{[%clk 0:01:28]} bxc4 {[%clk 0:01:01]} 29. a3 {[%clk 0:01:29]} Kd7
{[%clk 0:00:59]} 30. Kd2 {[%clk 0:01:30]} Kc6 {[%clk 0:01:00]} 31. Kc3
{[%clk 0:01:31]} Kb5 {[%clk 0:01:01]} 32. g4 {[%clk 0:01:19]} g6 {[%clk 0:00:59]}
33. g3 {[%clk 0:01:13]} Bf7 {[%clk 0:00:44]} 34. f4 {[%clk 0:01:03]} h5
{[%clk 0:00:37]} 35. gxh5 {[%clk 0:00:59]} gxh5 {[%clk 0:00:37]} 36. Nf5
{[%clk 0:01:00]} Kc6 {[%clk 0:00:29]} 37. Ne3 {[%clk 0:01:00]} Kd6
{[%clk 0:00:19]} 38. Nxc4+ {[%clk 0:00:58]} Kd5 {[%clk 0:00:18]} 39. Nd2
{[%clk 0:00:43]} Be6 {[%clk 0:00:13]} 40. Nb3 {[%clk 0:00:31]} c4
{[%clk 0:00:08]} 41. Nd2 {[%clk 0:00:32]} Bg8 {[%clk 0:00:04]} 42. a4
{[%clk 0:00:22]} f5 {[%clk 0:00:05]} 43. Nxc4 {[%clk 0:00:10]} Be6 44. Nd2 Kc5
45. b4+ Kc6 46. Kd4 Kd6 47. Nc4+ Kc6 48. b5+ Kc7 49. Kc5 *

[Event "15th Bangkok Chess Club Open Blitz 2015"]
[Site "Dusit Thani, Pattaya"]
[Date "2015.04.15"]
[Round "8.1"]
[White "Dragun, Kamil"]
[Black "Grafil, Franz Robert"]
[Result "*"]
[BlackElo "2156"]
[WhiteElo "2537"]
[LiveChessVersion "1.4.5"]

1. d4 {[%clk 0:03:03]} Nf6 {[%clk 0:03:03]} 2. c4 {[%clk 0:03:04]} e6
{[%clk 0:03:05]} 3. Nf3 {[%clk 0:03:04]} b6 {[%clk 0:03:06]} 4. g3
{[%clk 0:03:05]} Bb7 {[%clk 0:03:08]} 5. Bg2 {[%clk 0:03:06]} c5 {[%clk 0:03:09]}
6. d5 {[%clk 0:03:03]} exd5 {[%clk 0:03:07]} 7. cxd5 {[%clk 0:03:04]} d6
{[%clk 0:03:06]} 8. Nc3 {[%clk 0:03:04]} g6 {[%clk 0:03:04]} 9. O-O Bg7 10. a4
{[%clk 0:03:02]} a6 {[%clk 0:03:06]} 11. Nd2 {[%clk 0:02:59]} O-O
{[%clk 0:03:02]} 12. Nc4 {[%clk 0:03:00]} Qc7 {[%clk 0:03:03]} 13. Bf4
{[%clk 0:02:59]} Rd8 {[%clk 0:02:44]} 14. e4 {[%clk 0:03:00]} Nh5
{[%clk 0:02:35]} 15. Bg5 {[%clk 0:03:01]} Re8 {[%clk 0:02:36]} 16. g4
{[%clk 0:02:57]} Nf6 {[%clk 0:02:31]} 17. Bf4 {[%clk 0:02:58]} Rd8
{[%clk 0:02:27]} 18. h3 {[%clk 0:02:42]} Ne8 {[%clk 0:02:21]} 19. Bg3
{[%clk 0:02:32]} Nd7 {[%clk 0:02:16]} 20. f4 {[%clk 0:02:33]} Rab8
{[%clk 0:02:06]} 21. e5 {[%clk 0:02:24]} Bc8 {[%clk 0:01:41]} 22. e6
{[%clk 0:02:17]} Nf8 {[%clk 0:01:20]} 23. f5 {[%clk 0:02:16]} b5 {[%clk 0:01:20]}
24. Nd2 {[%clk 0:02:05]} bxa4 {[%clk 0:01:16]} 25. Nxa4 {[%clk 0:01:55]} Bd4+
{[%clk 0:01:03]} 26. Kh2 {[%clk 0:01:55]} f6 {[%clk 0:01:04]} 27. Ne4
{[%clk 0:01:51]} Be5 {[%clk 4:04:23]} 28. Bxe5 {[%clk 0:01:46]} dxe5
{[%clk 0:00:47]} 29. Naxc5 {[%clk 0:01:39]} Rxb2 {[%clk 0:00:44]} 30. Nxa6
{[%clk 0:01:20]} Bxa6 {[%clk 0:00:29]} 31. Rxa6 {[%clk 0:01:19]} Nd6
{[%clk 0:00:29]} 32. Rc6 {[%clk 0:01:13]} Qb8 {[%clk 0:00:29]} 33. Nxf6+
{[%clk 0:01:06]} Kg7 {[%clk 0:00:27]} 34. e7 {[%clk 0:01:07]} Kxf6
{[%clk 0:00:16]} 35. exd8=Q+ {[%clk 0:01:05]} Qxd8 {[%clk 0:00:16]} 36. Qc1
{[%clk 0:01:01]} Ra2 {[%clk 0:00:09]} 37. Qc5 {[%clk 0:00:59]} *

[Event "15th Bangkok Chess Club Open Blitz 2015"]
[Site "Dusit Thani, Pattaya"]
[Date "2015.04.15"]
[Round "8.2"]
[White "Hemant, Sharma"]
[Black "Causo, Deniel"]
[Result "*"]
[BlackElo "2401"]
[WhiteElo "2325"]
[LiveChessVersion "1.4.5"]

1. e4 {[%clk 0:03:01]} d5 {[%clk 0:03:03]} 2. exd5 {[%clk 0:03:02]} Nf6
{[%clk 0:03:04]} 3. Nc3 {[%clk 0:03:03]} Nxd5 {[%clk 0:03:05]} 4. Nf3
{[%clk 0:03:04]} Nxc3 {[%clk 0:03:00]} 5. bxc3 {[%clk 0:03:05]} g6
{[%clk 0:03:01]} 6. d4 {[%clk 0:03:06]} Bg7 {[%clk 0:03:02]} 7. Be2
{[%clk 0:03:07]} O-O {[%clk 0:03:02]} 8. Bf4 {[%clk 0:03:08]} c5 {[%clk 0:03:03]}
9. O-O {[%clk 0:03:08]} Nc6 {[%clk 0:03:03]} 10. dxc5 {[%clk 0:03:03]} Qa5
{[%clk 0:02:57]} 11. Nd4 {[%clk 0:03:01]} Qxc5 {[%clk 0:02:52]} 12. Nxc6
{[%clk 0:02:58]} Qxc6 {[%clk 0:02:52]} 13. Bf3 {[%clk 0:02:57]} Qxc3
{[%clk 0:02:52]} 14. Rb1 {[%clk 0:02:58]} Bf5 {[%clk 0:02:41]} 15. Rxb7
{[%clk 0:02:57]} Bxc2 {[%clk 0:02:30]} 16. Qc1 {[%clk 0:02:58]} e5
{[%clk 0:02:29]} 17. Be4 {[%clk 0:02:54]} Rac8 {[%clk 0:02:23]} 18. Qxc2
{[%clk 0:02:52]} Qxc2 {[%clk 0:02:24]} 19. Bxc2 {[%clk 0:02:53]} Rxc2
{[%clk 0:02:25]} 20. Be3 {[%clk 0:02:53]} Rxa2 {[%clk 0:02:25]} 21. Rxa7
{[%clk 0:02:54]} Rxa7 {[%clk 0:02:21]} 22. Bxa7 {[%clk 0:02:55]} Rc8
{[%clk 0:02:15]} 23. g3 {[%clk 0:02:54]} f5 {[%clk 0:02:15]} 24. Kg2
{[%clk 0:02:55]} Kf7 {[%clk 0:02:08]} 25. Rd1 {[%clk 0:02:57]} Rc7
{[%clk 0:02:09]} 26. Bb6 {[%clk 0:02:58]} Rb7 {[%clk 0:02:10]} 27. Be3
{[%clk 0:02:58]} Bf6 {[%clk 0:02:07]} 28. h4 {[%clk 0:03:00]} f4 {[%clk 0:01:58]}
29. gxf4 {[%clk 0:03:00]} exf4 {[%clk 0:01:59]} 30. Bxf4 {[%clk 0:03:01]} Bxh4
{[%clk 0:01:59]} 31. Rh1 {[%clk 0:03:02]} g5 {[%clk 0:01:53]} 32. Bxg5
{[%clk 0:03:02]} Kg6 {[%clk 0:01:08]} 33. Bxh4 {[%clk 0:03:01]} h5
{[%clk 0:01:08]} 34. Bg3 {[%clk 0:03:02]} Rb2 {[%clk 0:01:09]} 35. Ra1
{[%clk 0:03:03]} Kf5 {[%clk 0:01:09]} 36. Ra5+ {[%clk 0:03:03]} Kg4
{[%clk 0:01:09]} 37. Ra4+ {[%clk 0:03:03]} Kg5 {[%clk 0:01:10]} 38. Kh3
{[%clk 0:03:04]} Rc2 {[%clk 0:01:11]} 39. Ra5+ {[%clk 0:03:04]} Kg6
{[%clk 0:01:12]} 40. Kh4 {[%clk 0:02:58]} Rc4+ {[%clk 0:01:10]} 41. f4
{[%clk 0:02:58]} Rc1 {[%clk 0:01:08]} 42. Rg5+ {[%clk 0:02:59]} Kf6
{[%clk 0:01:10]} 43. Rxh5 {[%clk 0:03:00]} Rg1 {[%clk 0:01:09]} 44. Kg4
{[%clk 0:03:00]} Kg6 {[%clk 0:01:10]} 45. Ra5 {[%clk 0:03:02]} *

[Event "15th Bangkok Chess Club Open Blitz 2015"]
[Site "Dusit Thani, Pattaya"]
[Date "2015.04.15"]
[Round "8.3"]
[White "Laylo, Darwin"]
[Black "Ravi, Teja S."]
[Result "*"]
[BlackElo "2368"]
[WhiteElo "2465"]
[LiveChessVersion "1.4.5"]

1. c4 {[%clk 0:03:03]} c6 {[%clk 0:03:03]} 2. Nf3 {[%clk 0:03:02]} d5
{[%clk 0:03:05]} 3. b3 {[%clk 0:03:03]} Nf6 4. Bb2 Bf5 {[%clk 0:03:07]} 5. g3
{[%clk 0:03:02]} Nbd7 {[%clk 0:03:08]} 6. Bg2 {[%clk 0:03:03]} e6
{[%clk 0:03:09]} 7. O-O {[%clk 0:03:03]} h6 {[%clk 0:03:10]} 8. d3
{[%clk 0:03:04]} Bd6 {[%clk 0:03:08]} 9. Nbd2 {[%clk 0:03:04]} Qe7
{[%clk 0:03:09]} 10. a3 {[%clk 0:03:02]} O-O {[%clk 0:03:09]} 11. Re1
{[%clk 0:02:54]} e5 {[%clk 0:03:01]} 12. cxd5 {[%clk 0:02:41]} cxd5
{[%clk 0:03:02]} 13. e4 {[%clk 0:02:42]} dxe4 {[%clk 0:02:48]} 14. dxe4
{[%clk 0:02:42]} Bg4 {[%clk 0:02:48]} 15. h3 {[%clk 0:02:42]} Bxf3
{[%clk 0:02:41]} 16. Qxf3 {[%clk 0:02:40]} Nc5 {[%clk 0:02:39]} 17. Nc4
{[%clk 0:02:35]} Bc7 {[%clk 0:02:32]} 18. Rac1 {[%clk 0:02:18]} Rad8
{[%clk 0:02:24]} 19. Bf1 {[%clk 0:02:17]} b5 {[%clk 0:02:08]} 20. Ne3
{[%clk 0:02:09]} Bb6 {[%clk 0:01:39]} 21. Nf5 {[%clk 0:02:08]} Qe6
{[%clk 0:01:40]} 22. Bxb5 {[%clk 0:01:48]} Qxb3 {[%clk 0:01:40]} 23. Qxb3
{[%clk 0:01:33]} Nxb3 {[%clk 0:01:41]} 24. Rc6 {[%clk 0:01:25]} Rd2
{[%clk 0:01:34]} 25. Re2 {[%clk 0:01:18]} Rxe2 {[%clk 0:01:35]} 26. Bxe2
{[%clk 0:01:19]} Nxe4 {[%clk 0:01:36]} 27. Bxe5 {[%clk 0:01:15]} Na5
{[%clk 0:01:07]} 28. Rc2 {[%clk 0:01:15]} Nxf2 {[%clk 0:01:02]} 29. Kg2
{[%clk 0:01:15]} f6 {[%clk 0:01:04]} 30. Bd6 {[%clk 0:01:08]} Rd8
{[%clk 0:00:59]} 31. Bc7 {[%clk 0:01:07]} Rc8 {[%clk 0:00:57]} 32. Ne7+
{[%clk 0:01:08]} Kf7 {[%clk 0:00:52]} 33. Nxc8 {[%clk 0:01:08]} *

[Event "15th Bangkok Chess Club Open Blitz 2015"]
[Site "Dusit Thani, Pattaya"]
[Date "2015.04.15"]
[Round "8.4"]
[White "Socko, Bartosz"]
[Black "Dimakiling, Oliver"]
[Result "*"]
[BlackElo "2422"]
[WhiteElo "2623"]
[LiveChessVersion "1.4.5"]

1. e4 {[%clk 0:03:03]} d5 {[%clk 0:03:03]} 2. exd5 {[%clk 0:03:04]} Qxd5
{[%clk 0:03:03]} 3. Nc3 {[%clk 0:03:05]} Qd8 {[%clk 0:03:04]} 4. d4
{[%clk 0:03:05]} Nf6 {[%clk 0:03:05]} 5. Nf3 {[%clk 0:03:04]} e6 {[%clk 0:03:05]}
6. g3 {[%clk 0:03:00]} Be7 {[%clk 0:03:05]} 7. Bg2 {[%clk 0:03:01]} O-O
{[%clk 0:03:05]} 8. O-O {[%clk 0:03:02]} c5 {[%clk 0:03:06]} 9. dxc5
{[%clk 0:02:59]} Bxc5 {[%clk 0:03:06]} 10. Bg5 {[%clk 0:02:57]} Nc6
{[%clk 0:03:04]} 11. Qxd8 {[%clk 0:02:56]} Rxd8 {[%clk 0:03:05]} 12. Bxf6
{[%clk 0:02:56]} gxf6 {[%clk 0:03:06]} 13. Rfd1 {[%clk 0:02:53]} Bd7
{[%clk 0:03:05]} 14. Ne4 {[%clk 0:02:54]} Be7 {[%clk 0:03:06]} 15. Nd6
{[%clk 0:02:53]} Rab8 {[%clk 0:02:55]} 16. c3 {[%clk 0:02:54]} b5
{[%clk 0:02:52]} 17. Rd2 {[%clk 0:02:36]} Na5 {[%clk 0:02:18]} 18. Rad1
{[%clk 0:02:27]} Bc6 {[%clk 0:02:14]} 19. b3 {[%clk 0:02:20]} Kf8
{[%clk 0:02:08]} 20. Ne1 {[%clk 0:01:45]} Bxg2 {[%clk 0:02:07]} 21. Kxg2
{[%clk 0:01:41]} Nc6 {[%clk 0:02:06]} 22. Nf3 {[%clk 0:01:31]} f5
{[%clk 0:02:02]} 23. Kf1 {[%clk 0:01:24]} a5 {[%clk 0:01:56]} 24. Ke2
{[%clk 0:01:22]} a4 {[%clk 0:01:57]} 25. b4 {[%clk 0:01:17]} Rb6 {[%clk 0:01:45]}
26. c4 {[%clk 0:00:53]} bxc4 {[%clk 0:01:36]} 27. Nxc4 {[%clk 0:00:43]} Rxb4
{[%clk 0:01:33]} 28. Rxd8+ {[%clk 0:00:40]} Nxd8 {[%clk 0:01:34]} 29. Kd3
{[%clk 0:00:23]} Bf6 {[%clk 0:01:26]} 30. Nfe5 Be7 {[%clk 0:01:13]} 31. Kc3
{[%clk 0:00:14]} Rb5 {[%clk 0:00:57]} 32. Rd7 {[%clk 0:00:15]} Rd5
{[%clk 0:00:43]} 33. Ra7 {[%clk 0:00:13]} a3 {[%clk 0:00:35]} 34. f4
{[%clk 0:00:14]} Bc5 {[%clk 0:00:27]} 35. Nd7+ {[%clk 0:00:11]} Kg7
{[%clk 0:00:27]} 36. Nxc5 {[%clk 0:00:12]} Rxc5 {[%clk 0:00:29]} 37. Rxa3
{[%clk 0:00:11]} Nc6 {[%clk 0:00:23]} 38. Ra8 {[%clk 0:00:11]} e5
{[%clk 0:00:23]} 39. fxe5 {[%clk 0:00:06]} Nxe5 {[%clk 0:00:23]} 40. Kd4
{[%clk 0:00:08]} Rxc4+ {[%clk 0:00:19]} 41. Kxe5 {[%clk 0:00:09]} Rc2
{[%clk 0:00:19]} 42. h4 {[%clk 0:00:10]} Rg2 {[%clk 0:00:16]} 43. Kf4
{[%clk 0:00:09]} Rf2+ {[%clk 0:00:16]} 44. Ke3 {[%clk 0:00:11]} Rc2
{[%clk 0:00:17]} 45. Ra6 {[%clk 0:00:09]} h5 {[%clk 0:00:16]} 46. Kf3
{[%clk 0:00:07]} f6 {[%clk 0:00:16]} 47. Ra8 {[%clk 0:00:08]} Rc3+
{[%clk 0:00:15]} 48. Kf4 {[%clk 0:00:09]} Rc5 {[%clk 0:00:13]} 49. a4
{[%clk 0:00:11]} Kg6 {[%clk 0:00:14]} 50. Rg8+ {[%clk 0:00:09]} Kf7
{[%clk 0:00:15]} 51. Rb8 {[%clk 0:00:06]} Kg6 {[%clk 0:00:16]} 52. Rg8+
{[%clk 0:00:06]} Kf7 {[%clk 0:00:17]} 53. Ra8 {[%clk 0:00:07]} Kg6
{[%clk 0:00:19]} 54. a5 {[%clk 0:00:09]} Rc4+ {[%clk 0:00:20]} 55. Kf3
{[%clk 0:00:10]} Ra4 {[%clk 0:00:19]} 56. a6 {[%clk 0:00:11]} Kg7
{[%clk 0:00:20]} 57. Ke3 {[%clk 0:00:07]} Kh7 {[%clk 0:00:19]} 58. a7
{[%clk 0:00:06]} Kg7 {[%clk 0:00:20]} 59. Kd3 {[%clk 0:00:07]} Ra6
{[%clk 0:00:14]} 60. Kc4 {[%clk 0:00:09]} Ra1 {[%clk 0:00:14]} 61. Kd5
{[%clk 0:00:10]} Ra6 {[%clk 0:00:13]} 62. Kc5 {[%clk 0:00:12]} Ra1
{[%clk 0:00:14]} 63. Kb6 {[%clk 0:00:13]} Rb1+ {[%clk 0:00:15]} 64. Kc6
{[%clk 0:00:15]} Ra1 {[%clk 0:00:16]} 65. Kd6 {[%clk 0:00:14]} Ra5
{[%clk 0:00:13]} 66. Ke6 {[%clk 0:00:15]} Re5+ {[%clk 0:00:14]} 67. Kd6
{[%clk 0:00:16]} Ra5 {[%clk 0:00:15]} 68. Kd7 {[%clk 0:00:14]} Ra6
{[%clk 0:00:15]} 69. Ke7 {[%clk 0:00:15]} Ra5 {[%clk 0:00:17]} 70. Kd6
{[%clk 0:00:14]} Ra6+ {[%clk 0:00:17]} 71. Kd7 {[%clk 0:00:11]} Ra5
{[%clk 0:00:18]} 72. Ke6 {[%clk 0:00:11]} Re5+ {[%clk 0:00:19]} 73. Kd6
{[%clk 0:00:12]} Ra5 {[%clk 0:00:20]} 74. Kc6 {[%clk 0:00:08]} Ra1
{[%clk 0:00:21]} 75. Kd5 {[%clk 0:00:09]} Ra5+ {[%clk 0:00:21]} 76. Kd6
{[%clk 0:00:08]} Ra6+ {[%clk 0:00:23]} *